00985 2200349 4500001002100000005001700021008004100038020002200079035002500101082001400126090002100140100002100161245010000182250001000282260002700292300003600319500003100355650002400386700002100410850001200431990001800443990001800461990001800479990001700497990001700514990001800531990001700549990001700566990001800583990001700601990001700618YOGYA-0209000007314620150623084751.0 ind  a978-879-29-0286-0 a0010-020900000073146 a658.403 8 a658.403 8bWah K aWAHYUDI, Bambang aKonsep sistem informasi dari BIT sampai ke databasec/ Bambang Wahyudi; editor, Sigit Suyantoro aEd. 1 aYogyakartabAndic2008 axi, 533 hlm. :bilus. ;c23 cm. aBibliografi : hlm. 311-312 aManajemen Informasi aSuyantoro, Sigit aYOPDYOG a44230-KS/B.08 a44231-KS/B.08 a44232-KS/B.08 a1649-KS/B.10 a1650-KS/B.10 a44232-PD/B.08 a1649-KS/B.10 a1650-KS/B.10 a44232-PD/B.08 a1649-KS/B.10 a1650-KS/B.10